000 00358 a2200157 4500
001 58642
020 _a
040 _cAnchieta - Pituba
100 _aGuerra, Guido
240 1 0 _aPercegonho céu azul do sol poente
_lpor
245 1 0 _aPercegonho céu azul do sol poente
300 _a147
362 0 _a1976
650 4 _aFicção brasileira
942 _cBK
999 _c58642
_d58642